000 00894cam a2200289 4500
008 090401t1995 xxu||||| |||| 00| 0 eng d
020 _a0419210407
035 _a(Sirsi) u7732
041 _aeng
050 _a690.241026
100 _aRoss, Michael
245 _aPlanning and the heritage
_bpolicy and procedures.
250 _a2nd ed.
260 _aLondon
_bE & F N Spon
_c1995
300 _a189p. : ill. ; 24cm.
350 _a27.5
520 _aTraces the development of heritage legislation in the UK and explains the legal and administrative framework surrounding listed buildings, conservation areas and ancient monuments.
650 _aANCIENT MONUMENTS
650 _aCONSERVATION AREAS
650 _aHISTORIC BUILDINGS
650 _aLAW
650 _aLISTED BUILDINGS
650 _aPLANNING CONTROL
690 _aCONSERVATION
942 _n0
948 _c04/03/1997
999 _c86436
_d86436